{"text_format":"3","workbook":"xls","n_sheets":2,"sheets":["Sheet2","Sheet3"],"not_rendered":{"defined_names":1},"read":"whole","date_system":"1900","formulas":"cached_only"}

{"sheet":"Sheet2","index":0,"n_rows":17,"n_cols":9,"rows_kept":17,"merged":[[0,0,0,8],[16,0,16,1],[16,3,16,6]],"flags":["formulas_cached_only"]}
["永州职业技术学院办公楼二楼报告厅室内全彩LED显示屏项目清单"]
["序号","货物名称","产品型号","规格参数及需求","单位","数量","单价","合计","参考品牌"]
[1,"LED显示屏","P2.5","1）LED灯管芯：SMD2121封装技术（黑灯），2）像素间距：2.5mm，3）点密度：160000点/㎡，4）灰度处理：16Bit，5）白平衡亮度≥600cd/㎡，6）刷新频率≥3000Hz，7）峰值功耗≤500W/㎡，8）平均功耗≤150W/㎡，9）单元尺寸320mm*160mm*15mm，10）前维护安装方式，11）显示尺寸：4.48m（W）*2.56m(H)=11.468㎡,12）整屏分辨率：1792*1024=1835008。","㎡",11.468,{"v":9800,"d":"9,800.00"},{"v":112386.4,"d":"112,386.40"},"利亚德，、洲明、艾比森"]
[2,"                            发送卡",null,"1）一路DVI信号接口输入；2）RJ45网络接口输出；3）USB 3.0接口控制，可级联多台进行统一控制；4）一路光探头接口输入；5）独立电源供电，额定工作电压：AC220V，50Hz；6）支持高位阶视频输入16位颜色；7）额定功率：2.5W; 8）工作环境温度：-20℃~75℃。为保证产品的兼容性和稳定性需与显示屏同一品牌。","套",1,{"v":2600,"d":"2,600.00"},{"v":2600,"d":"2,600.00"},"利亚德，卡莱特，凯视达"]
[3,"                           接收卡",null,"1)集成12个标准接口，2)接收卡输入电压范围DC+3.5V-+5.5V，3) 支持24组RGB信号输出，4)单张接收卡最大带载像素为65K像素点，5)支持接收卡数据回读，6)支持PWM芯片、逐点检测芯片、常规芯片，7) 支持箱体温度、湿度、电压监测，8) 支持高灰度、高刷新芯片，9) 支持逐点亮度、色度校正，10)支持接收卡预存画面设置。为保证产品的兼容性和稳定性需与显示屏同一品牌。","套",60,{"v":215,"d":"215.00"},{"v":12900,"d":"12,900.00"},"利亚德，卡莱特，凯视达"]
[4,"显示屏管理软件",null,"1）功能强大的多屏多节目多窗口导播软件，每个显示屏可设置不同的播放方案；2）远程操作控制和发布播放方案到显示屏；3）可设置不同的日期和时间播放不同的节目页内容；4）每个节目页可添加多个窗口，窗口的大小和位置可任意设置；5）支持多种媒体类型文件播放；6）防止视频长时间播放卡死功能；7）快速预览功能、定时和周期插播、紧急插播和即时通知功能；8）严重故障的自我恢复功能；9）开机自启动和启动自动播放；10）可查看任意日期的播放日志，或导出为报表文件，硬盘备份功能。","套",1,{"v":10000,"d":"10,000.00"},"免费赠送"]
[5,"计算机",null,"Windows 10 操作系统，CPU i5-7400/内存 8G 速度：DDR3/硬盘 1T 转速7200转/分钟/ 2G独显 ，显示器21.5英寸，显示分辨率1920*1080，有线网卡：1000Mbps以太网卡，视频接口：DVI/HDMI接口，音频接口3 Audio Jack with 5.1。","套",1,{"v":6500,"d":"6,500.00"},{"v":6500,"d":"6,500.00"},"联想、戴尔、华硕、惠普"]
[6,"视频处理器",null,"先进的隔行运动图像自适应处理技术，先进的图像缩放技术，支持数十种输出分辨率，清除视频图像运动拖尾和锯齿现象，任意输入信号之间无缝切换、淡入淡出、划像等特效切换 ，切换过程主输出画面无黑屏，支持大屏幕拼接功能，输入电源：100~240VAC，50/60Hz，工作温度：0~45℃，输入信号 ：2×Video，1×VGA（RGBHV），1×HDMI（VESA/ CEA-861） ，1×DVI（VESA/ CEA-861），1×SDI（SDI/HD-SDI/3G-SDI），视频制式 ：PAL/NTSC ，输出信号：2×DVI（24+1 DVI_I ）。\n\n","台",1,{"v":7014.2,"d":"7,014.20"},{"v":7014.2,"d":"7,014.20"},"利亚德，卡莱特，凯视达"]
[7,"交流配电柜","20KW","1.配电柜总功率20KW；2.额定输入电压AC 380V；3.额定频率50Hz；4.外壳防护等级IP40；5.触保护等级I类；6.额定分散系数0.7；7.过电压类别III； 8.环境温度+10~+40℃；9.具备过压、过流、欠压、缺相、短路、断路保护与报警功能；10.具备分步延时起动和分步延时断电的功能，以减小显示屏停、送电时对电网的冲击。具有3C认证证书，证书里面的委托人名称、生产者（制造商）、生产企业名称为同品牌，并提供证书扫描件加盖制造商公章。","台",1,{"v":3600,"d":"3,600.00"},{"v":3600,"d":"3,600.00"}]
[8,"PLC智能监控系统",null,"1）数字量输入：12路24V DC输入；2）数字量输出：10路继电输出；3）模拟量输入：4个电压输入，4个电流输入；4）通讯口：1路RS232接口,2路RS485接口，1路RJ45接口；5）程序容量：256K片内Flash内存；6）支持远程控制、远程监控、温度监控、烟雾监控等功能。\n","套",1,{"v":2650,"d":"2,650.00"},{"v":2650,"d":"2,650.00"}]
[9,"工程布线","定制","弱电布线，屏幕距离控制室的网线（超六类网线）＞100米远需用布光缆线；强电布线，总配电房至显示屏的配电柜主电力电缆线（BV 5*10㎡） 国标认证、3C认证线缆","项",1,{"v":2000,"d":"2,000.00"},{"v":2000,"d":"2,000.00"}]
[10,"物流运输","定制","工厂到现场的物流运输费。","项",1,{"v":1500,"d":"1,500.00"},{"v":1500,"d":"1,500.00"}]
[11,"笔记本电脑","14寸","I5-8250U/8G/1T+128G/2G独显","台",2,{"v":6000,"d":"6,000.00"},{"v":12000,"d":"12,000.00"}]
[12,"调音台",null,"音质动听，高音清晰，低音震撼。\n精致大规模电路设计，功能强大齐全，噪音、串音超低。\n各通道具独立的48V幻象电源按钮，具高通滤波器按钮LOW CUT。\n每通道有增益开关、输入三段均衡高中低、效果、辅助旋钮。\n每通道还设计了编组1、2独立旋钮和控制开关。\n每通道都有独立的静音按钮来控制每路的输入信号开关。\n每一路通道有独立的PFL（推子前监听）按钮开关，可以监听通道推子前声道信号，而不影响主输出信号\n调音台还带有9段均衡器可以统一调节高中低频，设有独立的按钮控制开关。\n独立的DJ照明灯插孔（LAMP）。\n设计了脚踏式开关（FW MUTE）可插入一个脚踏式开关来控制内置效果器的输出。\n16种参数可调的24BIT的DSP效果处理器，每种参数可由用户设定，并自动记忆。\n调音台内置的USB声卡，可通道USB线连接电脑播放音乐，降低外界干扰。 14路麦克风输入，2组立体声输入。\n2路主输出，2路编组输出，1路监听输出。\n输入三段均衡，60mm推杆。\n\n","台",1,{"v":3800,"d":"3,800.00"},{"v":3800,"d":"3,800.00"},"雅马哈、湖山、汉乐"]
[13,"结构施工","定制","现场制作，采用国标Q235B镀锌钢材料制作钢结构+不锈钢材料装饰包边。具有中华人民共和国住房和城乡建设部颁发的“电子与智能化工程专业承包壹级”和“钢结构工程专业承包叁级”或以上资质证书；","㎡",11.468,{"v":1450,"d":"1,450.00"},{"v":16628.6,"d":"16,628.60"}]
[14,"安装调试","定制","LED显示屏安装调试及培训服务，出厂质保期为1年。","㎡",11.468,{"v":600,"d":"600.00"},{"v":6880.8,"d":"6,880.80"}]
["总计（含税价）",null,null,190460,{"$nulls":3},{"v":190460,"d":"190,460.00"}]

{"sheet":"Sheet3","index":1,"n_rows":0,"n_cols":0,"rows_kept":0,"flags":["formulas_cached_only"]}